Exploring The Realm Of Energy And Comfort In Interiors : Experiments To Understand Thermal Effects Of Furniture On Interior Environments. (Record no. 13629)

MARC details
000 -LEADER
fixed length control field 00506nam a2200157Ia 4500
008 - FIXED-LENGTH DATA ELEMENTS--GENERAL INFORMATION
fixed length control field 220803s9999 xx 000 0 und d
020 ## - INTERNATIONAL STANDARD BOOK NUMBER
International Standard Book Number 81-904096-2-X
041 ## - LANGUAGE CODE
Language code of text/sound track or separate title eng
082 ## - DEWEY DECIMAL CLASSIFICATION NUMBER
Classification number 729 MAN
100 ## - MAIN ENTRY--PERSONAL NAME
Personal name Manu S
9 (RLIN) 20249
245 ## - TITLE STATEMENT
Title Exploring The Realm Of Energy And Comfort In Interiors : Experiments To Understand Thermal Effects Of Furniture On Interior Environments.
260 ## - PUBLICATION, DISTRIBUTION, ETC. (IMPRINT)
Place of publication, distribution, etc. Ahmedabad
Name of publisher, distributor, etc. Research Cell SID
Date of publication, distribution, etc. 2006
300 ## - PHYSICAL DESCRIPTION
Extent 174p
500 ## - GENERAL NOTE
Keywords Architecture
650 ## - SUBJECT ADDED ENTRY--TOPICAL TERM
Topical term or geographic name as entry element Interior Design
9 (RLIN) 20250
Holdings
Withdrawn status Lost status Damaged status Not for loan Collection code Home library Current library Shelving location Date acquired Vendor Cost, normal purchase price Total Checkouts Full call number Barcode Date last seen Cost, replacement price Bill Date Koha item type Original Barcode
        Book of B Arch Dr. Bhanuben Nanavati College of Architecture Dr. Bhanuben Nanavati College of Architecture   15/12/2008 CEPT School of Interior Design Research Cell 1125.00   697 MAN BNCA-BK-6353 03/08/2022 1500.00 22/10/2008 Books B006353